Spinoza subversivo (Record no. 17334)

MARC details
000 -LEADER
campo de control de longitud fija 00739nam a2200229 i 4500
001 - NÚMERO DE CONTROL
campo de control 17334
003 - IDENTIFICADOR DE NÚMERO DE CONTROL
campo de control ES-MaACL
005 - FECHA Y HORA DE LA ÚLTIMA TRANSACCIÓN
campo de control 20240301063047.0
007 - CAMPO FIJO DE DESCRIPCIÓN FÍSICA--INFORMACIÓN GENERAL
campo de control de longitud fija t|
008 - DATOS DE LONGITUD FIJA--INFORMACIÓN GENERAL
campo de control de longitud fija 010131s2000 sp ||||1| spa d
020 ## - NÚMERO INTERNACIONAL ESTÁNDAR DEL LIBRO
Número Internacional Estándar del Libro 84-460-1233-2
080 ## - NÚMERO DE LA CLASIFICACIÓN DECIMAL UNIVERSAL
Número de la Clasificación Decimal Universal 1 Spinoza, Benedictus de
100 0# - ENTRADA PRINCIPAL--NOMBRE DE PERSONA
Nombre de persona Negri, Antonio,
Fechas asociadas al nombre 1933-
9 (RLIN) 85299
245 10 - MENCIÓN DEL TÍTULO
Título Spinoza subversivo
Resto del título : variaciones (in)actuales /
Mención de responsabilidad, etc. Antonio Negri.
260 ## - PUBLICACIÓN, DISTRIBUCIÓN, ETC.
Lugar de publicación, distribución, etc. Madrid :
Nombre del editor, distribuidor, etc. Akal,
Fecha de publicación, distribución, etc. [2000]
300 ## - DESCRIPCIÓN FÍSICA
Extensión 158 p. ;
Dimensiones 24 cm.
490 1# - MENCIÓN DE SERIE
Mención de serie Cuestiones de antagonismo ;
Designación de volumen o secuencia 7
600 14 - PUNTO DE ACCESO ADICIONAL DE MATERIA--NOMBRE DE PERSONA
Nombre de persona Spinoza, Benedictus de-
Subdivisión general Crítica e interpretación.
9 (RLIN) 107753
830 0# - PUNTO DE ACCESO ADICIONAL DE SERIE-TÍTULO UNIFORME
Título uniforme Cuestiones de antagonismo ;
Designación de volumen o secuencia 7
9 (RLIN) 180285
852 ## - LOCALIZACIÓN
Ubicación ES-MaACL
Número de control de estantería L-24238
Sublocalización o colección R.129368
Holdings
Estatus retirado Estado de pérdida Estado de daño No para préstamo Biblioteca de origen Biblioteca actual Ubicación en estantería Fecha de adquisición Fuente de adquisición Total de préstamos Signatura topográfica completa Código de barras Visto por última vez Precio de reemplazo Tipo de ítem Koha
        Biblioteca del Ateneo de Madrid Biblioteca del Ateneo de Madrid Depósito 2 17/01/2008     L-24238 1017685 23/02/2023 23/02/2023 Libro impreso